Statistics for Balkan General Knowledge Quiz

Click here to take the quiz!

General Stats

  • This quiz has been taken 218 times
  • The average score is 10 of 15

Answer Stats

QuestionAnswer% Correct
The Balkan Peninsula resides on the continent of...Europe
97%
Which of these countries does not lie on the Balkan Peninsula?Austria
96%
The religion that is practiced by most of the population in the Balkans is...Christianity
87%
This country declared independence in 2008 and is still unrecognized by a majority of the UN.Kosovo
87%
A nation that existed from 1918-1941 and from 1945-1992 that used to be called the Kingdom of Serbs, Croats, and Slovenes' English name was called...Yugoslavia
80%
This country within the Balkan Peninsula has 3 major ethnicities and 2 major religions.Bosnia and Herzegovina
78%
What is the Balkan Peninsula named after?A Mountain Range
74%
Which of these peninsulas within the Balkan Peninsula is shared by Slovenia, Croatia, and Italy?Istria
70%
What is the most populous city on the Balkan Peninsula?Istanbul
67%
Which of these nations managed to push back the Italians in World War II?Greece
58%
The Balkan Peninsula borders which seas?The Adriatic, Aegean, and Black
56%
The Balkan Peninsula's northern border is defined by the...The Danube and Sava rivers
54%
The Balkan Peninsula's nickname is...The Powder Keg of Europe
49%
Which of these countries is partially in the Balkan Peninsula?Romania
48%
This country is the richest in the Balkans by GDP per capita.Slovenia
47%

Score Distribution

Percentile by Number Answered

Percent of People with Each Score

Your Score History

You have not taken this quiz